00673nam a22001697a 450000500170000001000150001702000260003203500140005803700130007208200080008524503000009326000300039330000210042370000200044470000230046470000160048720220727153317.0 aENG-134065 a9789391373122c800.00 aEN-117597 bDBAD/PUB a600 aImpact of Smart Technologies and Artifical Intelligence Paving Path Towards Interdisciplinary Research In the Fields of Engineering, Arts, Humanities, Commerce, Economics, Social Science Law and Management-Challenges And Opportunities/cEdited by Sundari Suresh, S. Radha Rammohan and K. Bharath bShanlax Publicationc2021 a316p.c24cm(pbk) aSuresh, Sundari aRammohan, S. Radha aBharath, K.